000 01477pam a2200385 a 4500
999 _c816
_d816
001 015116674
003 Uk
005 20191220103822.0
008 090409r20092008enka j 000 1 eng d
015 _aGBA939171
_2bnb
016 7 _a015116674
_2Uk
020 _a9780552558310 (pbk.) :
020 _a0552558311 (pbk.) :
040 _aStDuBDS
_beng
_cStDuBDS
_dUk
042 _aukblcatcopy
082 _aFIC WIL
100 1 _aWilson, Jacqueline.
_eauthor
245 1 0 _aCookie /
_cJacqueline Wilson ; illustrated by Nick Sharratt.
260 _aLondon :
_bCorgi,
_c2009.
300 _a319 p. :
_bill. ;
_c20 cm.
336 _atext
_2rdacontent
337 _aunmediated
_2rdamedia
338 _avolume
_2rdacarrier
500 _aOriginally published: London: Doubleday Children's, 2008.
500 _aFormerly CIP.
_5Uk
520 _aBeauty Cookson is no beauty. Beauty and her meek, sweet mother live in uneasy fear of his fierce rages, sparked whenever they break one of his fussy house rules.Eventually, after an unbearable birthday party and the very real threat of Dad's out-of-control temper, Mum and Beauty run away.
650 0 _aFathers and daughters
_vJuvenile fiction.
650 0 _aRunaway children
_vJuvenile fiction.
650 0 _aRunaway wives
_vJuvenile fiction.
650 0 _aCooks
_vJuvenile fiction.
650 0 _aSelf-realization
_vJuvenile fiction.
655 0 _aChildren's stories.
700 1 _aSharratt, Nick.
_eIllustrator
942 _2ddc
_cFIC